[Event "Marseille op 2nd "]
[Site "Marseille"]
[Date "2009.12.29"]
[Round "8"]
[White "Roche, Alain"]
[Black "Pignet, Louis"]
[Result "1-0"]
[WhiteElo "1461"]
[BlackElo "1010"]
[PlyCount "79"]
[EventDate "2009.12.26"]
[EventType "swiss"]
[EventRounds "9"]
[EventCountry "FRA"]
[SourceTitle "CBM 134 Extra"]
[Source "ChessBase"]
[SourceDate "2010.03.03"]
[SourceVersion "1"]
[SourceVersionDate "2010.03.03"]
[SourceQuality "1"]

1. e4 c5 2. Nf3 Nc6 3. d4 cxd4 4. Nxd4 e5 5. Nf3 Bb4+ 6. c3 Bc5 7. b4 Bb6 8. Bc4 Nf6 9. Bg5 0-0 10. 0-0 d6 11. Nbd2 Bg4 12. Qc2 h6 13. Bh4 Bc7 14. Rad1 a6 15. Bd5 Re8 16. Qb3 Qe7 17. a4 b5 18. Bxc6 bxa4 19. Qxa4 Red8 20. Bxa8 Rxa8 21. b5 Qd7 22. c4 Qe8 23. Bxf6 gxf6 24. Rb1 Bd7 25. Qb3 axb5 26. Nh4 bxc4 27. Qg3+ Kf8 28. Nf5 Bxf5 29. exf5 d5 30. Qe3 Kg7 31. h3 d4 32. Qf3 c3 33. Ne4 c2 34. Rb2 c1Q 35. Rxc1 Rc8 36. Rbc2 Qd7 37. Qd3 Kg8 38. Nxf6+ Kg7 39. Nxd7 f6 40. Qa6 1-0

[Event "Marseille op 2nd "]
[Site "Marseille"]
[Date "2009.12.26"]
[Round "1"]
[White "Loysel, Yves"]
[Black "Pignet, Louis"]
[Result "1-0"]
[WhiteElo "1782"]
[BlackElo "1010"]
[PlyCount "59"]
[EventDate "2009.12.26"]
[EventType "swiss"]
[EventRounds "9"]
[EventCountry "FRA"]
[SourceTitle "CBM 134 Extra"]
[Source "ChessBase"]
[SourceDate "2010.03.03"]
[SourceVersion "1"]
[SourceVersionDate "2010.03.03"]
[SourceQuality "1"]

1. e4 c5 2. Nc3 Nc6 3. f4 d6 4. Nf3 Bd7 5. Bc4 Nf6 6. d3 e5 7. Ng5 Be6 8. Bxe6 fxe6 9. Nxe6 Qe7 10. f5 g6 11. Nxf8 Qxf8 12. 0-0 Qg7 13. fxg6 Qxg6 14. Rf5 h6 15. Nb5 0-0 16. c3 Rf7 17. Nxd6 Rg7 18. Rf2 Ng4 19. Qb3+ Kh7 20. Rf7 Rag8 21. Rxg7+ Rxg7 22. Nf5 Rg8 23. Qxb7+ Kh8 24. Nh4 Qg5 25. Bxg5 hxg5 26. Nf5 Nd8 27. Qd5 Rf8 28. h3 Nf6 29. Qxe5 Nc6 30. Qd6 1-0